Das Staatsrecht des Grossherzogthums Oldenburg ...

Saved in:
Bibliographic Details
Main Author: Becker, H.
Format: Book Chapter
Language:German
Series:Handbuch des öffentlichen Rechts ; 3. Bd., 2. Halbbd., 1. Abt..
Subjects:
Tags: Add Tag
No Tags, Be the first to tag this record!
LEADER 00838naa a2200205Ka 4500
001 005359350-2
005 20020606095253.2
008 920914s1884 gw 000 0 ger d
035 0 |a ocm26596071 
040 |a CUY  |c CUY  |d HVL 
090 |a JF13  |b .H3 v.3:2:1:1 
100 1 |a Becker, H. 
245 0 4 |a Das Staatsrecht des Grossherzogthums Oldenburg ... 
490 1 |a Handbuch des öffentlichen Rechts ;  |v 3. Bd., 2. Halbbd., 1. Abt. 
651 0 |a Oldenburg (Germany)  |x Politics and government. 
650 0 |a Constitutional law  |z Germany  |z Oldenburg. 
773 0 |7 p1am  |a Büsing, Otto and others  |p Das Staatsrecht von Meckenburg-Schwerin, Mechlenburg-Strelitz, Oldenburg [etc.].  |d Freiburg i.B. [etc.] 1884.  |g p.73-91, 26 cm.  |w (OCoLC)23882191 
830 0 |a Handbuch des öffentlichen Rechts ;  |v 3. Bd., 2. Halbbd., 1. Abt.. 
988 |a 20020608 
906 |0 OCLC